[Event "Oberliga Ost B 2016 2017"]
[Site "Germany"]
[Date "2017.01.15"]
[Round "5.7"]
[White "Krzesinski, Paul"]
[Black "Rueger, Erhard"]
[Result "1-0"]
[WhiteElo "2046"]
[BlackElo "2126"]
[PlyCount "39"]
[EventDate "2016.10.16"]
[EventType "team-tourn"]
[EventCountry "GER"]
[WhiteTeam "Frankfurter TV"]
[BlackTeam "Frankfurt SC Brett vorm Kopp"]
[WhiteTeamCountry "GER"]
[BlackTeamCountry "GER"]

1. e4 c5 2. Nf3 e6 3. d4 cxd4 4. Nxd4 a6 5. Nc3 Qc7 6. Be2 b5 7. a3 Bb7 8. f4
b4 9. axb4 Bxb4 10. O-O Bxc3 11. bxc3 Bxe4 12. f5 e5 13. Bf3 Bxf3 14. Qxf3 Nc6
15. Nxc6 Qxc6 16. Qg3 Qf6 17. Bg5 Qb6+ 18. Be3 Qf6 19. Ra5 d5 20. Rxd5 1-0

[Event "Oberliga Ost B 2016 2017"]
[Site "Germany"]
[Date "2017.01.15"]
[Round "5.8"]
[White "Waffenschmidt, Joachim"]
[Black "Titsch, Leonhard"]
[Result "1/2-1/2"]
[WhiteElo "2038"]
[BlackElo "1997"]
[PlyCount "48"]
[EventDate "2016.10.16"]
[EventType "team-tourn"]
[EventCountry "GER"]
[WhiteTeam "Frankfurt SC Brett vorm Kopp"]
[BlackTeam "Frankfurter TV"]
[WhiteTeamCountry "GER"]
[BlackTeamCountry "GER"]

1. d4 Nf6 2. c4 e6 3. g3 d5 4. Bg2 Be7 5. Nf3 O-O 6. O-O c6 7. Qc2 b6 8. Rd1
Ba6 9. b3 Nbd7 10. Bb2 Rc8 11. Ne5 c5 12. Nxd7 Qxd7 13. dxc5 bxc5 14. cxd5 exd5
15. Nc3 d4 16. Ne4 Rfd8 17. Qd2 Qe6 18. Nxf6+ Bxf6 19. Re1 c4 20. bxc4 Qxc4 21.
Rac1 Qxa2 22. Rxc8 Rxc8 23. Ra1 Qe6 24. Bxd4 Qxe2 1/2-1/2

[Event "Oberliga Ost B 2016 2017"]
[Site "Germany"]
[Date "2017.01.15"]
[Round "5.1"]
[White "Rafiee, Makan"]
[Black "Geske, Julian"]
[Result "1/2-1/2"]
[WhiteElo "2318"]
[BlackElo "2399"]
[PlyCount "31"]
[EventDate "2016.10.16"]
[EventType "team-tourn"]
[EventCountry "GER"]
[WhiteTeam "Kasseler SK"]
[BlackTeam "Wiesbadener SV"]
[WhiteTeamCountry "GER"]
[BlackTeamCountry "GER"]

1. e4 e5 2. Nf3 Nc6 3. Bb5 a6 4. Ba4 Nf6 5. d3 d6 6. c3 g6 7. O-O Bg7 8. Re1
O-O 9. Nbd2 b5 10. Bc2 Bb7 11. a4 Nb8 12. d4 Nbd7 13. Bd3 c6 14. b4 Qc7 15.
dxe5 dxe5 16. Bb2 1/2-1/2

[Event "Oberliga Ost B 2016 2017"]
[Site "Germany"]
[Date "2017.01.15"]
[Round "5.2"]
[White "Dubkov, Andrej"]
[Black "Grafl, Florian"]
[Result "1-0"]
[WhiteElo "2283"]
[BlackElo "2396"]
[PlyCount "65"]
[EventDate "2016.10.16"]
[EventType "team-tourn"]
[EventCountry "GER"]
[WhiteTeam "Wiesbadener SV"]
[BlackTeam "Kasseler SK"]
[WhiteTeamCountry "GER"]
[BlackTeamCountry "GER"]

1. d4 f5 2. g3 Nf6 3. Bg2 e6 4. c4 Be7 5. Nh3 O-O 6. O-O c6 7. b3 d6 8. Bb2 Qc7
9. Nd2 e5 10. e4 Ng4 11. exf5 Bxf5 12. Qe2 Nd7 13. f3 Nh6 14. Nf2 Rae8 15. dxe5
Nxe5 16. Rad1 Qa5 17. Nde4 Qxa2 18. Ra1 Qxb3 19. Bxe5 dxe5 20. Rfb1 Qxb1+ 21.
Rxb1 b6 22. Ra1 Ra8 23. c5 Nf7 24. Bh3 Bxh3 25. Nxh3 bxc5 26. Qc4 Kh8 27. Qe6
Bd8 28. Kg2 Bb6 29. Nhg5 Nh6 30. Nd6 Rf6 31. Qxe5 Rd8 32. Qe4 g6 33. Qe7 1-0

[Event "Oberliga Ost B 2016 2017"]
[Site "Germany"]
[Date "2017.01.15"]
[Round "5.3"]
[White "Hahn, Markus"]
[Black "Nehmert, Ulrich"]
[Result "1/2-1/2"]
[WhiteElo "2333"]
[BlackElo "2324"]
[PlyCount "108"]
[EventDate "2016.10.16"]
[EventType "team-tourn"]
[EventCountry "GER"]
[WhiteTeam "Kasseler SK"]
[BlackTeam "Wiesbadener SV"]
[WhiteTeamCountry "GER"]
[BlackTeamCountry "GER"]

1. c4 Nf6 2. Nc3 c5 3. g3 e6 4. Nf3 d5 5. cxd5 Nxd5 6. Bg2 Nc6 7. O-O Nc7 8. d3
Be7 9. Be3 e5 10. Qa4 Bd7 11. Rfc1 O-O 12. Qd1 Kh8 13. a3 f5 14. Rab1 g5 15. b4
g4 16. Nd2 Ne6 17. Nc4 f4 18. Bxc5 Nxc5 19. bxc5 fxg3 20. hxg3 Bxc5 21. Ne4 Bb6
22. e3 Qe7 23. Nxb6 axb6 24. Qb3 Rxa3 25. Qxb6 Bc8 26. Qc5 Rxd3 27. Qxe7 Nxe7
28. Rc7 Nd5 29. Rc2 b6 30. Bf1 Ra3 31. Rb5 Ra5 32. Rxa5 bxa5 33. Rc5 Bb7 34.
Nd6 Ba8 35. Rxa5 Nc3 36. Rxe5 Bf3 37. Re8 Rxe8 38. Nxe8 Ne4 39. Nc7 Ng5 40. Nb5
Kg7 41. Nd4 Be4 42. Be2 h5 43. Kf1 Kf6 44. Bb5 Nf3 45. Nxf3 Bxf3 46. Bd3 Kg5
47. e4 h4 48. gxh4+ Kxh4 49. e5 g3 50. e6 gxf2 51. Kxf2 Bc6 52. Ke3 Kg5 53. Be4
Kf6 54. Bxc6 Kxe6 1/2-1/2

[Event "Oberliga Ost B 2016 2017"]
[Site "Germany"]
[Date "2017.01.15"]
[Round "5.5"]
[White "Kersten, Uwe"]
[Black "Minor, Samuel"]
[Result "0-1"]
[WhiteElo "2253"]
[BlackElo "2189"]
[PlyCount "68"]
[EventDate "2016.10.16"]
[EventType "team-tourn"]
[EventCountry "GER"]
[WhiteTeam "Kasseler SK"]
[BlackTeam "Wiesbadener SV"]
[WhiteTeamCountry "GER"]
[BlackTeamCountry "GER"]

1. e4 c5 2. Nf3 d6 3. d4 cxd4 4. Nxd4 Nf6 5. Nc3 Nc6 6. Bc4 e6 7. Bb3 Be7 8.
Be3 O-O 9. f4 Bd7 10. Qf3 Nxd4 11. Bxd4 Bc6 12. f5 e5 13. Bf2 b5 14. Rd1 b4 15.
Nd5 Bxd5 16. Bxd5 Nxd5 17. Rxd5 Qc7 18. Qd3 Rfc8 19. Kd1 Bg5 20. h4 Bh6 21. Rh3
a5 22. Be1 b3 23. Qxb3 a4 24. Qd3 Rab8 25. b3 axb3 26. axb3 Ra8 27. Bc3 Qb6 28.
Ke2 Qg1 29. Rxd6 Qxg2+ 30. Ke1 Bf4 31. Kd1 h6 32. Qf3 Qg1+ 33. Ke2 Ra2 34. Kd3
Rxc3+ 0-1

[Event "Oberliga Ost B 2016 2017"]
[Site "Germany"]
[Date "2017.01.15"]
[Round "5.6"]
[White "Kayser, Felix"]
[Black "Kearns, Christopher"]
[Result "0-1"]
[WhiteElo "2171"]
[BlackElo "2180"]
[PlyCount "72"]
[EventDate "2016.10.16"]
[EventType "team-tourn"]
[EventCountry "GER"]
[WhiteTeam "Wiesbadener SV"]
[BlackTeam "Kasseler SK"]
[WhiteTeamCountry "GER"]
[BlackTeamCountry "GER"]

1. e4 d5 2. exd5 Nf6 3. d4 Bg4 4. Be2 Bxe2 5. Qxe2 Qxd5 6. Nf3 Nc6 7. Nc3 Qh5
8. d5 Nxd5 9. Ne4 O-O-O 10. Ng3 Qg6 11. a3 e5 12. O-O Bd6 13. b4 Rhe8 14. Bb2
Kb8 15. b5 Nd4 16. Nxd4 exd4 17. Qf3 Nc3 18. Bxc3 dxc3 19. Nf5 Qf6 20. Qh3 Qe6
21. Qf3 Qe4 22. Qh3 Qe6 23. Qf3 Qf6 24. Qh3 g6 25. Ne3 Bc5 26. Rad1 Bxe3 27.
fxe3 Qe7 28. Rxd8+ Rxd8 29. Qxh7 Qxe3+ 30. Kh1 Qf2 31. Rg1 b6 32. h3 Qxc2 33.
Qxf7 Qd2 34. Qc4 c2 35. Rf1 Qd3 36. Qf4 Qxf1+ 0-1

[Event "Oberliga Ost B 2016 2017"]
[Site "Germany"]
[Date "2017.01.15"]
[Round "5.7"]
[White "Aslan, Benjamin"]
[Black "Doehring, Joachim"]
[Result "1-0"]
[WhiteElo "2170"]
[BlackElo "2082"]
[PlyCount "57"]
[EventDate "2016.10.16"]
[EventType "team-tourn"]
[EventCountry "GER"]
[WhiteTeam "Kasseler SK"]
[BlackTeam "Wiesbadener SV"]
[WhiteTeamCountry "GER"]
[BlackTeamCountry "GER"]

1. d4 Nf6 2. Nf3 e6 3. g3 b6 4. Bg2 Bb7 5. O-O c5 6. c4 cxd4 7. Qxd4 d6 8. Nc3
a6 9. b3 Nbd7 10. Bb2 Be7 11. e4 Qc7 12. Rfe1 O-O 13. Rad1 Rfd8 14. h3 Rac8 15.
Nh2 Bf8 16. Nf1 Qb8 17. g4 Nc5 18. Ng3 h6 19. Qe3 Qa8 20. g5 hxg5 21. Qxg5 b5
22. Nxb5 Nfxe4 23. Bxe4 Bxe4 24. Nxd6 Rxd6 25. Rxd6 Bg6 26. Rd4 Nd3 27. Rxd3
Bxd3 28. Nh5 Bg6 29. Nf6+ 1-0

[Event "Oberliga Ost B 2016 2017"]
[Site "Germany"]
[Date "2017.01.15"]
[Round "5.8"]
[White "Bernstein, Boris"]
[Black "Warnecke, Tobias"]
[Result "0-1"]
[WhiteElo "1842"]
[BlackElo "2146"]
[PlyCount "44"]
[EventDate "2016.10.16"]
[EventType "team-tourn"]
[EventCountry "GER"]
[WhiteTeam "Wiesbadener SV"]
[BlackTeam "Kasseler SK"]
[WhiteTeamCountry "GER"]
[BlackTeamCountry "GER"]

1. d4 Nf6 2. Nf3 c5 3. d5 b5 4. c4 g6 5. cxb5 a6 6. Nc3 axb5 7. Nxb5 Ba6 8. Nc3
d6 9. g3 Bg7 10. Bg2 Nfd7 11. O-O Nb6 12. Re1 N8d7 13. e4 O-O 14. Bf4 Nc4 15.
Qc1 Qa5 16. Bd2 Rfb8 17. Nd1 Nxd2 18. Nxd2 Ne5 19. Re3 Nd3 20. Qc2 Nxb2 21. Nb3
Rxb3 22. Rxb3 Qe1+ 0-1

[Event "Oberliga Ost B 2016 2017"]
[Site "Germany"]
[Date "2017.01.15"]
[Round "5.1"]
[White "Feldtmann, Thomas"]
[Black "Strache, Michael"]
[Result "1/2-1/2"]
[WhiteElo "2221"]
[BlackElo "2310"]
[PlyCount "110"]
[EventDate "2016.10.16"]
[EventType "team-tourn"]
[EventCountry "GER"]
[WhiteTeam "Marburg SK"]
[BlackTeam "Sangerhausen SV"]
[WhiteTeamCountry "GER"]
[BlackTeamCountry "GER"]

1. d4 d6 2. e4 Nf6 3. Nc3 e5 4. Nf3 Nbd7 5. Bc4 Be7 6. a4 O-O 7. O-O c6 8. h3
a5 9. Re1 Nb6 10. Ba2 Nfd7 11. Be3 exd4 12. Nxd4 Nc5 13. Qh5 Nbxa4 14. Nxa4
Nxa4 15. Nf3 Nc5 16. Ng5 Bxg5 17. Bxg5 Qc7 18. Bf4 Ne6 19. Bg3 a4 20. f4 a3 21.
b4 d5 22. exd5 cxd5 23. Bxd5 Nd4 24. f5 Qd7 25. f6 Nf5 26. fxg7 Nxg7 27. Qg5
Ra6 28. Be5 Rg6 29. Qd2 b5 30. Rxa3 Bb7 31. Rd3 Bxd5 32. Rxd5 Qxh3 33. Rxb5 Qh4
34. Bc3 Ne6 35. Rf5 Rh6 36. Qe3 Rc8 37. Rf3 Qh1+ 38. Kf2 Qh4+ 39. Ke2 Rxc3 40.
Qxc3 Nd4+ 41. Kd1 Rc6 42. Rg3+ Kf8 43. Qa3 Qh5+ 44. Kc1 Rxc2+ 45. Kb1 Qf5 46.
Ka1 Rc5 47. Qa8+ Rc8 48. Qe4 Rc1+ 49. Kb2 Rxe1 50. Qxe1 Qc2+ 51. Ka1 Qa4+ 52.
Kb2 Qc2+ 53. Ka1 Qa4+ 54. Kb2 Qc2+ 55. Ka1 Qa4+ 1/2-1/2

[Event "Oberliga Ost B 2016 2017"]
[Site "Germany"]
[Date "2017.01.15"]
[Round "5.2"]
[White "Heyder, Florian"]
[Black "Alber, Horst"]
[Result "1/2-1/2"]
[WhiteElo "2161"]
[BlackElo "2318"]
[PlyCount "45"]
[EventDate "2016.10.16"]
[EventType "team-tourn"]
[EventCountry "GER"]
[WhiteTeam "Sangerhausen SV"]
[BlackTeam "Marburg SK"]
[WhiteTeamCountry "GER"]
[BlackTeamCountry "GER"]

1. d4 Nf6 2. e3 g6 3. f4 Bg7 4. Nf3 c5 5. Be2 b6 6. O-O Qc7 7. c3 Bb7 8. a4 O-O
9. a5 bxa5 10. Nbd2 cxd4 11. cxd4 d6 12. Nc4 Nc6 13. Bd2 Ne4 14. Nxa5 Nxd2 15.
Qxd2 Nxa5 16. Rxa5 Rfc8 17. Rfa1 Qc6 18. Rxa7 Rxa7 19. Rxa7 e5 20. fxe5 dxe5
21. dxe5 Qc1+ 22. Qxc1 Rxc1+ 23. Kf2 1/2-1/2

[Event "Oberliga Ost B 2016 2017"]
[Site "Germany"]
[Date "2017.01.15"]
[Round "5.3"]
[White "Henrich, Thomas"]
[Black "Guenther, Christian"]
[Result "1-0"]
[WhiteElo "2212"]
[BlackElo "2161"]
[PlyCount "69"]
[EventDate "2016.10.16"]
[EventType "team-tourn"]
[EventCountry "GER"]
[WhiteTeam "Marburg SK"]
[BlackTeam "Sangerhausen SV"]
[WhiteTeamCountry "GER"]
[BlackTeamCountry "GER"]

1. d4 d5 2. c4 c6 3. Nf3 Nf6 4. Nc3 a6 5. c5 Bf5 6. Bf4 Nbd7 7. e3 g6 8. h3 Bg7
9. Ne5 O-O 10. g4 Be6 11. Bd3 Ne8 12. Nxd7 Bxd7 13. Qb3 Ra7 14. O-O-O f6 15. e4
Be6 16. Rhe1 Qd7 17. exd5 Bxd5 18. Nxd5 cxd5 19. Be4 e6 20. Bg2 f5 21. g5 Rf7
22. Qb6 Ra8 23. Qxe6 Rd8 24. Qxd7 Rfxd7 25. Be5 Bf8 26. Kc2 Kf7 27. Rd3 Be7 28.
h4 Nc7 29. Rb3 Ne6 30. Rb6 Rc8 31. Kd3 Rc6 32. Rxb7 Rxb7 33. Bxd5 Rxb2 34. Bxc6
Kf8 35. Re2 1-0

[Event "Oberliga Ost B 2016 2017"]
[Site "Germany"]
[Date "2017.01.15"]
[Round "5.4"]
[White "Richter, Dustin"]
[Black "Rolle, Eric"]
[Result "1-0"]
[WhiteElo "2130"]
[BlackElo "2195"]
[PlyCount "95"]
[EventDate "2016.10.16"]
[EventType "team-tourn"]
[EventCountry "GER"]
[WhiteTeam "Sangerhausen SV"]
[BlackTeam "Marburg SK"]
[WhiteTeamCountry "GER"]
[BlackTeamCountry "GER"]

1. c4 Nf6 2. Nf3 c5 3. g3 b6 4. Bg2 Bb7 5. O-O g6 6. b3 Bg7 7. Bb2 O-O 8. d4
cxd4 9. Bxd4 d6 10. Nbd2 Nbd7 11. Qc2 Rc8 12. Qb2 Nc5 13. Rfd1 Rc7 14. Rac1 Qa8
15. Ne1 e5 16. Bc3 Bh6 17. Bxb7 Qxb7 18. e3 Ng4 19. Nf1 Ne4 20. Rc2 Ng5 21. Rd5
Nf6 22. Rcd2 b5 23. h4 Nxd5 24. Rxd5 bxc4 25. hxg5 Qxd5 26. gxh6 cxb3 27. axb3
Rb8 28. Nd2 Qe6 29. Nd3 f6 30. e4 Qh3 31. Nb4 Qxh6 32. Nd5 Rcb7 33. Nxf6+ Kf7
34. Ng4 Qh3 35. Ne3 Qe6 36. Nd5 Qg4 37. Qa3 Qd7 38. Bb4 Qc6 39. Nc4 Ke6 40. Na5
Qc2 41. Nxb7 Qb1+ 42. Kh2 Rxb7 43. Qa6 Qxe4 44. Qxd6+ Kf5 45. g4+ Kg5 46. Bd2+
Kh4 47. Qd8+ g5 48. Qxg5# 1-0

[Event "Oberliga Ost B 2016 2017"]
[Site "Germany"]
[Date "2017.01.15"]
[Round "5.5"]
[White "Duncker, Joachim"]
[Black "Engelmann, Jakob"]
[Result "0-1"]
[WhiteElo "2269"]
[BlackElo "2256"]
[PlyCount "56"]
[EventDate "2016.10.16"]
[EventType "team-tourn"]
[EventCountry "GER"]
[WhiteTeam "Marburg SK"]
[BlackTeam "Sangerhausen SV"]
[WhiteTeamCountry "GER"]
[BlackTeamCountry "GER"]

1. e4 c6 2. Bc4 d5 3. Bb3 dxe4 4. Qh5 g6 5. Qh4 Nf6 6. Nc3 Bf5 7. f3 exf3 8.
Nxf3 Bg7 9. d3 O-O 10. h3 Na6 11. g4 Bd7 12. Bh6 Nc7 13. Ng5 Ncd5 14. Nxd5 cxd5
15. Rf1 Qa5+ 16. c3 Rfe8 17. O-O-O Bh8 18. Kb1 Ba4 19. Rf3 Bxb3 20. axb3 Rac8
21. Nxf7 Kxf7 22. g5 Kg8 23. gxf6 exf6 24. Be3 Rc6 25. Bd4 Ra6 26. Qf2 Qa2+ 27.
Kc2 Ra3 28. b4 Qb3+ 0-1

[Event "Oberliga Ost B 2016 2017"]
[Site "Germany"]
[Date "2017.01.15"]
[Round "5.6"]
[White "Hellwig, Tobias"]
[Black "Neidhardt, Helge"]
[Result "1-0"]
[WhiteElo "2182"]
[BlackElo "2040"]
[PlyCount "83"]
[EventDate "2016.10.16"]
[EventType "team-tourn"]
[EventCountry "GER"]
[WhiteTeam "Sangerhausen SV"]
[BlackTeam "Marburg SK"]
[WhiteTeamCountry "GER"]
[BlackTeamCountry "GER"]

1. d4 Nf6 2. c4 e6 3. Nc3 Bb4 4. Qc2 O-O 5. e4 d5 6. e5 Ne4 7. Bd3 f5 8. exf6
Nxf6 9. Nf3 Nc6 10. Be3 dxc4 11. Bxc4 Nd5 12. O-O Be7 13. a3 Bf6 14. Ne4 h6 15.
Rad1 Bd7 16. Nc5 Rb8 17. Qe4 Nce7 18. Nxe6 Bxe6 19. Qxe6+ Kh8 20. Ne5 Nxe3 21.
fxe3 Bxe5 22. Qxe5 Qd6 23. Rxf8+ Rxf8 24. Qe4 c6 25. Bd3 g6 26. Rf1 Rxf1+ 27.
Kxf1 Kg7 28. g3 Nf5 29. Ke2 b6 30. Bc4 Kf6 31. Qe8 c5 32. Qf7+ Kg5 33. Kf3 h5
34. Be6 Qe7 35. h4+ Kh6 36. Qxe7 Nxe7 37. d5 Kg7 38. d6 Nc6 39. Ke4 Kf6 40. Kd5
Nd8 41. Bc8 Kf7 42. e4 1-0

[Event "Oberliga Ost B 2016 2017"]
[Site "Germany"]
[Date "2017.01.15"]
[Round "5.7"]
[White "Lehmann, Stefan"]
[Black "Hillmann, Michael"]
[Result "0-1"]
[WhiteElo "1970"]
[BlackElo "2162"]
[PlyCount "78"]
[EventDate "2016.10.16"]
[EventType "team-tourn"]
[EventCountry "GER"]
[WhiteTeam "Marburg SK"]
[BlackTeam "Sangerhausen SV"]
[WhiteTeamCountry "GER"]
[BlackTeamCountry "GER"]

1. e4 d5 2. exd5 Qxd5 3. Nc3 Qd6 4. d4 Nf6 5. Nf3 c6 6. g3 Bg4 7. Bg2 e6 8. O-O
Be7 9. Bf4 Qd8 10. Qd3 Nbd7 11. Nd1 Bf5 12. Qb3 Qb6 13. Ne3 Be4 14. Be5 O-O 15.
c3 Qa6 16. Rfe1 c5 17. Rad1 Rac8 18. Nd2 Bxg2 19. Nxg2 cxd4 20. Bxd4 Nc5 21.
Qc2 Rfd8 22. Nf3 Qxa2 23. Nf4 a6 24. Ng5 Qb3 25. Qb1 h6 26. Bxf6 Bxf6 27. Qh7+
Kf8 28. Rxd8+ Rxd8 29. Ne4 Nxe4 30. Qxe4 Bg5 31. Ne2 Qd5 32. Qb4+ Be7 33. Qg4
Qd2 34. Rf1 Qxb2 35. Qf3 Bf6 36. h4 a5 37. Qe4 Qb3 38. Kh2 Qd5 39. Qa4 Qd3 0-1

[Event "Oberliga Ost B 2016 2017"]
[Site "Germany"]
[Date "2017.01.15"]
[Round "5.8"]
[White "Duchrow, Oliver"]
[Black "Hein, Lennart"]
[Result "1/2-1/2"]
[WhiteElo "2069"]
[BlackElo "1921"]
[PlyCount "73"]
[EventDate "2016.10.16"]
[EventType "team-tourn"]
[EventCountry "GER"]
[WhiteTeam "Sangerhausen SV"]
[BlackTeam "Marburg SK"]
[WhiteTeamCountry "GER"]
[BlackTeamCountry "GER"]

1. e4 c6 2. d4 d5 3. Nc3 dxe4 4. Nxe4 Nf6 5. Ng3 h5 6. h3 g6 7. Nf3 Bg7 8. Bd3
Nbd7 9. O-O O-O 10. c4 Qc7 11. Re1 e6 12. Be3 c5 13. Rc1 b6 14. Bb1 Bb7 15. Ng5
Rfe8 16. Qc2 cxd4 17. Bxd4 Nf8 18. Qc3 N8d7 19. b4 Rac8 20. Qb2 e5 21. Be3 Qb8
22. Qb3 Nf8 23. Red1 Ne6 24. Nxe6 Rxe6 25. c5 Qa8 26. c6 Rcxc6 27. Bxg6 Rxc1
28. Rxc1 Bd5 29. Bxf7+ Kxf7 30. Rc7+ Re7 31. Qc2 Qd8 32. Rc8 Qd7 33. Nf5 Be4
34. Qc4+ Bd5 35. Qc2 Be4 36. Qc4+ Bd5 37. Qc2 1/2-1/2

[Event "Oberliga Ost B 2016 2017"]
[Site "Germany"]
[Date "2017.01.15"]
[Round "5.1"]
[White "Dubiel, Jacek"]
[Black "Kunin, Vitaly"]
[Result "1/2-1/2"]
[WhiteElo "2423"]
[BlackElo "2595"]
[PlyCount "100"]
[EventDate "2016.10.16"]
[EventType "team-tourn"]
[EventCountry "GER"]
[WhiteTeam "Oberursel SV"]
[BlackTeam "Moerlenbach Birkenau Freibauer"]
[WhiteTeamCountry "GER"]
[BlackTeamCountry "GER"]

1. e4 c5 2. Nc3 Nc6 3. Nge2 e6 4. d4 cxd4 5. Nxd4 Qc7 6. Be3 a6 7. Bd3 b5 8.
Nxc6 Qxc6 9. O-O Bb7 10. Re1 Nf6 11. a3 Be7 12. Qf3 d6 13. Qh3 h5 14. Bg5 Ng4
15. Bxe7 Kxe7 16. Qg3 Qc5 17. h3 Ne5 18. Rad1 Rag8 19. Qe3 g5 20. f3 g4 21.
Qxc5 dxc5 22. hxg4 hxg4 23. f4 Ng6 24. g3 Rh3 25. Kg2 f5 26. b4 cxb4 27. axb4
Rc8 28. Nd5+ Kf7 29. Ne3 fxe4 30. Bxb5 Ne7 31. Rd7 Rch8 32. Rxb7 Rh2+ 33. Kg1
Rh1+ 34. Kf2 R8h2+ 35. Ng2 Rxe1 36. Kxe1 Rxg2 37. Bxa6 Rxg3 38. Bc4 Re3+ 39.
Kd2 Rf3 40. Rb6 Nd5 41. Bxd5 exd5 42. Rd6 Rf2+ 43. Ke3 Rxc2 44. Rxd5 g3 45. b5
g2 46. Rf5+ Ke6 47. Rg5 Rb2 48. Kxe4 Rb4+ 49. Kf3 Rxb5 50. Rxg2 Kf6 1/2-1/2

[Event "Oberliga Ost B 2016 2017"]
[Site "Germany"]
[Date "2017.01.15"]
[Round "5.2"]
[White "Galdunts, Sergey"]
[Black "Margolin, Boris"]
[Result "1-0"]
[WhiteElo "2415"]
[BlackElo "2391"]
[PlyCount "81"]
[EventDate "2016.10.16"]
[EventType "team-tourn"]
[EventCountry "GER"]
[WhiteTeam "Moerlenbach Birkenau Freibauer"]
[BlackTeam "Oberursel SV"]
[WhiteTeamCountry "GER"]
[BlackTeamCountry "GER"]

1. e4 d6 2. d4 Nf6 3. Nc3 e5 4. Nf3 Nbd7 5. g3 Be7 6. Bg2 O-O 7. O-O c6 8. a4
b6 9. h3 Bb7 10. Be3 a6 11. Nd2 b5 12. f4 Qc7 13. g4 exd4 14. Bxd4 b4 15. Ne2
c5 16. Bf2 a5 17. Ng3 g6 18. Re1 Ne8 19. Nc4 Ng7 20. Nf1 Rfe8 21. Nfe3 Nf6 22.
Qd3 Rad8 23. Rad1 Rd7 24. f5 Bf8 25. Bh4 g5 26. Bxg5 Nxe4 27. Bf4 Qd8 28. Nd5
Bxd5 29. Qxd5 Nf6 30. Qc6 Rxe1+ 31. Rxe1 Nge8 32. Rd1 Qe7 33. Qf3 d5 34. Nxa5
Ne4 35. Nc6 Qf6 36. Ne5 Rd8 37. Qe3 Bd6 38. Rxd5 Nc7 39. Rd3 c4 40. Rxd6 Nxd6
41. Bg5 1-0

[Event "Oberliga Ost B 2016 2017"]
[Site "Germany"]
[Date "2017.01.15"]
[Round "5.3"]
[White "Reschke, Stefan"]
[Black "Legde, Georg"]
[Result "1/2-1/2"]
[WhiteElo "2329"]
[BlackElo "2309"]
[PlyCount "23"]
[EventDate "2016.10.16"]
[EventType "team-tourn"]
[EventCountry "GER"]
[WhiteTeam "Oberursel SV"]
[BlackTeam "Moerlenbach Birkenau Freibauer"]
[WhiteTeamCountry "GER"]
[BlackTeamCountry "GER"]

1. Nf3 Nf6 2. g3 b6 3. Bg2 Bb7 4. O-O e6 5. c4 Be7 6. b3 O-O 7. Bb2 c5 8. e3
Nc6 9. d4 cxd4 10. Nxd4 Qb8 11. Nxc6 Bxc6 12. Bxc6 1/2-1/2

[Event "Oberliga Ost B 2016 2017"]
[Site "Germany"]
[Date "2017.01.15"]
[Round "5.4"]
[White "Dittmar, Peter"]
[Black "Schlamp, Robert"]
[Result "1-0"]
[WhiteElo "2266"]
[BlackElo "2263"]
[PlyCount "47"]
[EventDate "2016.10.16"]
[EventType "team-tourn"]
[EventCountry "GER"]
[WhiteTeam "Moerlenbach Birkenau Freibauer"]
[BlackTeam "Oberursel SV"]
[WhiteTeamCountry "GER"]
[BlackTeamCountry "GER"]

1. d4 Nf6 2. Nc3 d5 3. Bf4 e6 4. e3 Bd6 5. Bg3 O-O 6. Nf3 c5 7. dxc5 Bxc5 8.
Bd3 Nc6 9. O-O Re8 10. e4 d4 11. Na4 Bf8 12. e5 Nh5 13. Nxd4 Nxg3 14. Nxc6 bxc6
15. fxg3 Qd4+ 16. Kh1 Qxe5 17. Qf3 Qc7 18. Rae1 Bb7 19. Nc3 c5 20. Qh5 g6 21.
Qh4 Be7 22. Rxf7 Bxg2+ 23. Kxg2 Qc6+ 24. Be4 1-0

[Event "Oberliga Ost B 2016 2017"]
[Site "Germany"]
[Date "2017.01.15"]
[Round "5.5"]
[White "Haubt, Georg"]
[Black "Felgendreher, Heiko"]
[Result "0-1"]
[WhiteElo "2161"]
[BlackElo "2222"]
[PlyCount "80"]
[EventDate "2016.10.16"]
[EventType "team-tourn"]
[EventCountry "GER"]
[WhiteTeam "Oberursel SV"]
[BlackTeam "Moerlenbach Birkenau Freibauer"]
[WhiteTeamCountry "GER"]
[BlackTeamCountry "GER"]

1. d4 Nf6 2. Nc3 d5 3. Bf4 g6 4. Qd2 Bg7 5. Bh6 O-O 6. Bxg7 Kxg7 7. Nf3 h6 8.
Ne5 Be6 9. e3 Nbd7 10. g3 c6 11. Bg2 Nxe5 12. dxe5 Ng4 13. f4 Qb6 14. Nd1 h5
15. O-O Rad8 16. Kh1 Rh8 17. h3 Nh6 18. a4 Nf5 19. Kh2 a5 20. h4 Nh6 21. Nf2
Rd7 22. Rfb1 c5 23. Ra3 d4 24. e4 Bc4 25. Bh3 Rdd8 26. f5 f6 27. Qf4 Nf7 28.
exf6+ Qxf6 29. fxg6 Ne5 30. Bf1 Be6 31. Bh3 Rhf8 32. Nd3 Nf3+ 33. Kg2 Bxh3+ 34.
Kxh3 Qe6+ 35. Kg2 Rxf4 36. Nxf4 Nxh4+ 37. gxh4 Qg4+ 38. Rg3 Qxf4 39. Rf1 Qxe4+
40. Kg1 Rf8 0-1

[Event "Oberliga Ost B 2016 2017"]
[Site "Germany"]
[Date "2017.01.15"]
[Round "5.6"]
[White "Klings, Peter"]
[Black "Koller, Jens"]
[Result "1/2-1/2"]
[WhiteElo "2147"]
[BlackElo "2203"]
[PlyCount "108"]
[EventDate "2016.10.16"]
[EventType "team-tourn"]
[EventCountry "GER"]
[WhiteTeam "Moerlenbach Birkenau Freibauer"]
[BlackTeam "Oberursel SV"]
[WhiteTeamCountry "GER"]
[BlackTeamCountry "GER"]

1. Nf3 Nf6 2. c4 g6 3. Nc3 Bg7 4. d4 O-O 5. e4 d6 6. Be2 e5 7. Be3 Na6 8. O-O
Ng4 9. Bg5 Qe8 10. h3 f6 11. Bh4 Nh6 12. Re1 c6 13. Qd2 Nf7 14. Rab1 Nc7 15. b4
Ne6 16. Bg3 Nfg5 17. Nxg5 fxg5 18. d5 Nd4 19. Qxg5 Bf6 20. Qd2 Qd8 21. Bd1 Bg5
22. Qd3 a5 23. b5 cxb5 24. Nxb5 Nxb5 25. Rxb5 b6 26. Rb2 Bd7 27. Be2 h5 28. Bf1
h4 29. Bh2 Qc7 30. Kh1 Bf4 31. Bg1 Rab8 32. Reb1 Rb7 33. f3 Rfb8 34. Bf2 Qd8
35. Qd1 g5 36. c5 dxc5 37. Bxc5 Qc7 38. Bf2 b5 39. a3 Qd6 40. Qd3 b4 41. Qa6
Qxa6 42. Bxa6 Rc7 43. axb4 Rxb4 44. Rxb4 axb4 45. Be1 b3 46. Kg1 b2 47. Rxb2
Rc1 48. Re2 Kf7 49. Bd3 Ke7 50. Kf1 Bg3 51. Rf2 Ra1 52. Ke2 Ra2+ 53. Kf1 Ra1
54. Ke2 Ra2+ 1/2-1/2

[Event "Oberliga Ost B 2016 2017"]
[Site "Germany"]
[Date "2017.01.15"]
[Round "5.7"]
[White "Haakert, Juergen"]
[Black "Schaefer, Michael"]
[Result "1/2-1/2"]
[WhiteElo "2341"]
[BlackElo "2166"]
[PlyCount "31"]
[EventDate "2016.10.16"]
[EventType "team-tourn"]
[EventCountry "GER"]
[WhiteTeam "Oberursel SV"]
[BlackTeam "Moerlenbach Birkenau Freibauer"]
[WhiteTeamCountry "GER"]
[BlackTeamCountry "GER"]

1. g3 g6 2. Bg2 Bg7 3. c4 Nf6 4. b3 d5 5. Bb2 d4 6. Nf3 c5 7. b4 Nfd7 8. e3 Nc6
9. O-O O-O 10. exd4 Nxd4 11. Nxd4 cxd4 12. d3 a5 13. a3 axb4 14. axb4 Rxa1 15.
Bxa1 Ne5 16. Qb3 1/2-1/2